000 01551cam a22004694i 4500
003 PE-LiUPU
005 20250731173540.0
008 150616s r 000 0 d
020 _a0875094139
035 _a(Sirsi) i9780875094137
040 _aPE-LiUPU
_bspa
_cPE-LiUPU
_erda
049 _aPRUA
082 0 4 _a264
_bW26E
_221
100 1 _aWardle, Terry,
_eautor.
245 1 0 _aExalt Him! /
_cTerry Wardle.
264 1 _aCamp Hill, Pennsylvania :
_bChristain Publications,
_c1992.
300 _a169 páginas ;
_c21 centímetros
336 _atext
_2rdacontent
337 _aunmediated
_2rdamedia
338 _avolume
_2rdacarrier
504 _aBibliografía: páginas 163-169.
505 0 _aIs worship to priority?.- Will this worship service glorify God?.- Will this worship service edify believers?.
526 _aSEG42
526 _aSEG41
526 _aSEG40
526 _aSEG39
526 _aP94
526 _aP87
526 _aP86
526 _aP85
526 _aP77
526 _aP76
526 _aP35
650 0 4 _aAdoración.
_9831
910 _ajck
_bjvq
_cjck
942 _2ddc
_cBOOK
949 _a264 W26E
_wDEWEY
_c1
_i42577
_lCCODEBUL1
_mBUL
_r0
_sY
_tBOOK
_u2015-6-16
_xTEOLOGIA
_zUNKNOWN
_0COMPRA
_o.STAFF. Colección General
994 _aC0
_bPEPRU
596 _a1
999 _a264 W26E
_wDEWEY
_c60412
_i42577
_f2021-11-10
_g5
_lCCODEBUL1
_mBUL
_r0
_sY
_tBOOK
_u2015-6-16
_xTEOLOGIA
_zUNKNOWN
_0COMPRA
_o.STAFF. Colección General
_d60412
980 _81
_gALBERTO SANCHEZ Responsable de Automatización